Space Numbers Quiz - Statistics

General Stats
  • This quiz has been taken 23 times
  • The average score is 5 of 25
Answer Stats
Category Hint Answer % Correct
General How long ago was the Big Bang (2 s.f.) {14} billion years
63%
How long does ______ take to orbit the Sun relative to Earth? Mercury (2 s.f.) {88} Earth days
50%
General Diameter of Earth (1 s.f.) {8000} miles
44%
General Distance in a light year (1 s.f.) {6} trillion miles
38%
General Year that Uranus was discovered by William Herschel 1781
31%
How long does ______ take to orbit the Sun relative to Earth? Mars (2 s.f.) {1}.{9} Earth years
31%
General Circumference of the Earth (2 s.f.) {25,000} miles
31%
How long does ______ take to orbit the Sun relative to Earth? Jupiter (2 s.f.) {12} Earth years
25%
How long does ______ take to orbit the Sun relative to Earth? Neptune (3 s.f.) {165} Earth Years
25%
How long does ______ take to orbit the Sun relative to Earth? Venus (3 s.f.) {225} Earth days
25%
How long does ______ take to orbit the Sun relative to Earth? Uranus (2 s.f.) {84} Earth years
25%
General Year that Neptune was discovered by Johann Gottfried Galle 1846
19%
How long does ______ take to orbit the Sun relative to Earth? Saturn (1 s.f.) {30} Earth years
19%
General Distance from Earth to the Sun (1 s.f.) {90,000,000} miles
13%
How many times wider is ______ than Earth? Jupiter (2 s.f.) 11
6%
How many times wider is Earth than _______? Venus (2 s.f.) {1}.{1}
6%
How many times wider is ______ than Earth? Sun (2 s.f.) 110
6%
How many times wider is Earth than _______? Mars (2 s.f.) {1}.{9}
6%
General Distance from Earth to the Moon (2 s.f.) {240,000} miles
6%
How many times wider is ______ than Earth? Saturn (1 s.f.) 9
6%
How many times wider is Earth than _______? Mercury (2 s.f.) {2}.{6}
0%
How many times wider is Earth than _______? The Moon (2 s.f.) {3}.{7}
0%
How many times wider is ______ than Earth? Neptune (2 s.f.) {3}.{8}
0%
How many times wider is ______ than Earth? Uranus (2 s.f.) {3}.{9}
0%
How many times wider is Earth than _______? Pluto (2 s.f.) {5}.{3}
0%
No matching quizzes found
Score Distribution
Percent of People with Each Score
Percentile by Number Answered
Your Score History
You have not taken this quiz